MARC

LEADER 00000nam0a2200000 4500
001 136676
005 20231031140710.0
010 |a 5265009809 
020 |a RU  |b 90-10587 
035 |a (RuTPU)RU\TPU\book\148136 
090 |a 136676 
100 |a 20080425d1990 m y0rusy5003 ca 
101 0 |a rus 
102 |a RU 
105 |a c z 000zy 
200 1 |a Избранное  |e Стихи  |f П. М. Градов 
210 |a Москва  |c Советский писатель  |d 1990 
215 |a 480 с.  |d 21 см 
327 1 |a Содерж.: Циклы: Блокада; Доброта; В дороге; Вспоминаю каждое свидание; Той августовскою порою; Вдали от Родины; Муза; С улыбкой; Поэмы: Ветеран; Я тебя люблю; Мария 
610 1 |a советская литература 
610 1 |a стихи 
675 |a Р2  |z rus 
700 1 |a Градов  |b П. М.  |g Петр Михайлович  |4 070 
801 0 |a RU  |b RuMRKP  |c 19950417  |g psbo 
801 1 |a RU  |b 63413507  |c 20080425  |g PSBO 
801 2 |a RU  |b 63413507  |c 20080425  |g PSBO 
942 |c BK